Społeczny zasięg książki w Polsce (raport z badań)

Podrobná bibliografia
Hlavný autor: Zieliński, Andrzej R. (Autor)
Médium: Kniha
Jazyk:neznámy jazyk
Fyzický popis:66 s.
Vydavateľské údaje: Warszawa Biblioteka Narodowa 1988

MARC

LEADER 00000nam a2200000 a 4500
001 vtls001430154
003 SK-MaSNL
005 20260302001846.0
008 240313s1988 xx 0 und
035 |a SNK000385177 
040 |a SNK  |b slo  |c SNK  |e AACR2 
100 1 |a Zieliński, Andrzej R.  |4 aut  |9 638423 
245 1 |a Społeczny zasięg książki w Polsce (raport z badań) 
260 |a Warszawa  |b Biblioteka Narodowa  |c 1988 
300 |a 66 s. 
958 |a OND 
999 |c 985649  |d 987579 
952 |t P60, <04>, [BOOK], {604}  |a SNK  |b SNK  |y VYP  |7 0  |p 17A0335776  |o snkIC 110620  |i snkV 18/89  |0 0  |1 0  |4 0  |d 2002-02-28  |l 0  |r 2005-01-02 00:00:00  |w 2026-02-24